000 01213nac a22003371i 4500
003 EG-ScBUE
005 20241010111829.0
008 241010t1992 maua f 001 0 eng d
020 _a9780071229111
020 _a0071229116
040 _aEG-ScBUE
_beng
_erda
_cEG-ScBUE
_dEG-ScBUE
082 0 4 _a515.16
_bSTE
_222
100 1 _aStein, Sherman K.,
_eauthor.
245 1 0 _aCalculus and analytic geometry /
_cSherman K. Stein, University of California, Davis, Anthony Barcellos, American River College.
250 _aFifth edition.
250 _aInternational edition.
264 1 _aBoston :
_bMcGraw-Hill,
_c[1992]
264 4 _cc1992
300 _a1 volume (various pagings) :
_billustrations ;
_c26 cm
336 _2rdacontent
_atext
_btxt
337 _aunmediated
_2rdamedia
_bn
338 _avolume
_bnc
_2rdacarrier
500 _aIncludes index.
650 7 _aCalculus.
_2BUEsh
650 7 _aGeometry, Analytic.
_2BUEsh
655 _vReading book
700 1 _aBarcellos, Anthony,
_eauthor.
856 4 2 _3Publisher description
_uhttp://www.loc.gov/catdir/description/mh022/91011421.html
856 4 2 _3Table of contents
_uhttp://www.loc.gov/catdir/toc/mh021/91011421.html
942 _cNB
_2ddc
999 _c1248
_d1248